Highway Engineering (Record no. 7665)

MARC details
000 -LEADER
fixed length control field 00297nam a2200133Ia 4500
008 - FIXED-LENGTH DATA ELEMENTS--GENERAL INFORMATION
fixed length control field 191201s2014 xx 000 0 und d
100 ## - MAIN ENTRY--PERSONAL NAME
Personal name KHANNA, S K
245 #0 - TITLE STATEMENT
Title Highway Engineering
250 ## - EDITION STATEMENT
Edition statement 10th
260 ## - PUBLICATION, DISTRIBUTION, ETC. (IMPRINT)
Date of publication, distribution, etc 2014
Name of publisher, distributor, etc Nem Chand
Place of publication, distribution, etc Roorki
300 ## - PHYSICAL DESCRIPTION
Extent 773
650 ## - SUBJECT ADDED ENTRY--TOPICAL TERM
Topical term or geographic name as entry element CIVIL
942 ## - ADDED ENTRY ELEMENTS (KOHA)
Source of classification or shelving scheme Dewey Decimal Classification
Koha item type Book Bank
Holdings
Withdrawn status Lost status Source of classification or shelving scheme Damaged status Not for loan Collection code Home library Current library Date acquired Source of acquisition Cost, normal purchase price Bill Number Total Checkouts Acc. no. / Barcode Date last seen Actual Cost, discounted price Bill Date Koha item type
    Dewey Decimal Classification     B.Tech(CE) PIET C-LIBRARY PIET C-LIBRARY 03/09/2015 KIRTI PRAKASHAN, NEW DELHI 250.00 IN2817   BB11371 04/12/2019 207.50 02/09/2015 Book Bank
    Dewey Decimal Classification     B.Tech(CE) PIET C-LIBRARY PIET C-LIBRARY 03/09/2015 KIRTI PRAKASHAN, NEW DELHI 250.00 IN2817   BB11372 04/12/2019 207.50 02/09/2015 Book Bank
    Dewey Decimal Classification     B.Tech(CE) PIET C-LIBRARY PIET C-LIBRARY 03/09/2015 KIRTI PRAKASHAN, NEW DELHI 250.00 IN2817   BB11373 04/12/2019 207.50 02/09/2015 Book Bank
    Dewey Decimal Classification     B.Tech(CE) PIET C-LIBRARY PIET C-LIBRARY 03/09/2015 KIRTI PRAKASHAN, NEW DELHI 250.00 IN2817   BB11374 04/12/2019 207.50 02/09/2015 Book Bank
    Dewey Decimal Classification     B.Tech(CE) PIET C-LIBRARY PIET C-LIBRARY 03/09/2015 KIRTI PRAKASHAN, NEW DELHI 250.00 IN2817   BB11375 04/12/2019 207.50 02/09/2015 Book Bank

Design & Developed by: PIET Central Library
R70 Miles Stone Pattikalyana Samalkha Panipat 132102
mail ID :- [email protected], Phone No:- 0180-2569700 Ex.216